=LDR 00000nam 2200000 4500 =001 INLIS000000000027311 =005 20160421122346.0 =006 =007 =008 Ind =035 ##$$0010-061300000027311 =041 ##$$a Ind =082 ##$$a 413 =090 ##$$a 413, Del d =245 ##$$a 8000 kata populer kamus bahasa indonesia, Dody DA,Anis Dally[et al] =260 ##$$a 2005 $b Semarang =300 ##$$a v,241 hlm, 20 cm =650 ##$$a Bahasa indonesia , kimia =700 ##$$a Dally,Dody DA Anis =850 ##$$a NBPNMAT